<?xml version="1.0" encoding="UTF-8"?>
<record
    xmlns:xsi="http://www.w3.org/2001/XMLSchema-instance"
    xsi:schemaLocation="http://www.loc.gov/MARC21/slim http://www.loc.gov/standards/marcxml/schema/MARC21slim.xsd"
    xmlns="http://www.loc.gov/MARC21/slim">

  <leader>02750nam a2200277uu 4500</leader>
  <controlfield tag="001">1486963</controlfield>
  <controlfield tag="005">20260508092411.0</controlfield>
  <controlfield tag="008">180228s2005                        spa  </controlfield>
  <datafield tag="020" ind1=" " ind2=" ">
    <subfield code="a">9586558762</subfield>
  </datafield>
  <datafield tag="035" ind1=" " ind2=" ">
    <subfield code="a">1486963</subfield>
  </datafield>
  <datafield tag="040" ind1=" " ind2=" ">
    <subfield code="c">comduadb</subfield>
  </datafield>
  <datafield tag="041" ind1=" " ind2=" ">
    <subfield code="a">spa</subfield>
  </datafield>
  <datafield tag="082" ind1=" " ind2="4">
    <subfield code="a">515</subfield>
  </datafield>
  <datafield tag="100" ind1="1" ind2="0">
    <subfield code="a">P&#xE9;rez L&#xF3;pez, Jos&#xE9; Luis</subfield>
    <subfield code="4">aut</subfield>
    <subfield code="e">aut</subfield>
    <subfield code="9">764010</subfield>
  </datafield>
  <datafield tag="245" ind1="1" ind2="0">
    <subfield code="a">Notas para un curso de c&#xE1;lculo diferencial</subfield>
  </datafield>
  <datafield tag="260" ind1=" " ind2=" ">
    <subfield code="a">Medell&#xED;n :</subfield>
    <subfield code="b">Universidad de Antioquia, Centro de Investigaciones de Ciencias Exactas y Naturales,</subfield>
    <subfield code="c">2005.</subfield>
  </datafield>
  <datafield tag="300" ind1=" " ind2=" ">
    <subfield code="a">215 p&#xE1;ginas :</subfield>
    <subfield code="b">ilustraciones.</subfield>
  </datafield>
  <datafield tag="505" ind1=" " ind2=" ">
    <subfield code="a">CONTENIDO : PRELIMINARES DEL C&#xC1;LCULO. -- 1.1 Los n&#xFA;meros reales. -- 1.2 Intervalos. -- 1.3 Valor absoluto. -- 1.4 Inecuaciones. -- 1.5 El plano cartesiano. -- 1.6 Rectas en el plano. -- 1.7 Producto cartesiano. Relaciones y funciones. -- 2 FUNCIONES DE VARIABLE REAL. -- 2.1 Funciones como modelos matem&#xE1;ticos. -- 2.2 Tipos de funciones. -- 2.3 Funciones trascendentes. -- 2.4 Funciones definidas por tramos. -- 2.5 Transformaciones de funciones. -- 2.6 Operaciones con funciones. -- 2.7 Curvas del plano. -- 2.8 Inversa de una funci&#xF3;n. -- 2.9 Funciones exponenciales y logar&#xED;tmicas. -- 2.10 Funciones trigonom&#xE9;tricas inversas. -- 3 L&#xCD;MITES Y CONTINUIDADES. -- 3.1 Introducci&#xF3;n. -- 3.2 Noci&#xF3;n intuitiva del l&#xED;mite. -- 3.3 Definici&#xF3;n del l&#xED;mite de una funci&#xF3;n. -- 3.4 Calculo de l&#xED;mites finitos. -- 3.5 Leyes de los l&#xED;mites. -- 3.6 Limites laterales. -- 3.7 Continuidad. -- 3.8 L&#xED;mites finitos y en el infinito. -- 3.9 L&#xED;mites de funciones trigonom&#xE9;tricas. -- 3.10. -- L&#xED;mites de funciones exponenciales y logar&#xED;tmicas. -- 4 LA DERIVADA DE UNA FUNCI&#xD3;N. -- 4.1 Introducci&#xF3;n. -- 4.2 Derivadas laterales y en intervalos. -- 4.3 Derivadas de funciones elementales. -- 4.4 Reglas de derivaci&#xF3;n. -- 4.5 Derivada de una funci&#xF3;n compuesta. Regla de la cadena. -- 4.6 Derivaci&#xF3;n impl&#xED;cita. -- 4.7 Derivadas de funciones inversas. -- 4.8 Derivadas de orden superior. -- 4.9 Funciones hiperb&#xF3;licas y sus derivadas. -- 4.10 Derivaci&#xF3;n logar&#xED;tmica. -- 5 APLICACIONES DE LA DERIVADA. -- 5.1 Introducci&#xF3;n. -- 5.2 Aplicaciones al trazado de curvas del plano. -- 5.3 Aplicaciones a la cinem&#xE1;tica de una part&#xED;cula. -- 5.4 La derivada como raz&#xF3;n de cambio. -- 5.5 Problemas de optimizaci&#xF3;n. -- 5.6 Formas indeterminadas y regla de L'Hopital. -- 5.7 Diferenciales y aproximaciones lineales.</subfield>
  </datafield>
  <datafield tag="650" ind1=" " ind2="7">
    <subfield code="a">C&#xE1;lculo diferencial</subfield>
    <subfield code="2">lemb</subfield>
    <subfield code="9">1670</subfield>
  </datafield>
  <datafield tag="650" ind1=" " ind2=" ">
    <subfield code="a">Calculo diferencial - Ensenanza</subfield>
    <subfield code="9">3612</subfield>
  </datafield>
  <datafield tag="650" ind1=" " ind2=" ">
    <subfield code="a">C&#xE1;lculo diferencial - Problemas y ejercicios, etc.</subfield>
    <subfield code="9">202793</subfield>
  </datafield>
  <datafield tag="650" ind1=" " ind2="7">
    <subfield code="a">Derivadas (Matem&#xE1;ticas)</subfield>
    <subfield code="2">lemb</subfield>
    <subfield code="9">68735</subfield>
  </datafield>
  <datafield tag="650" ind1=" " ind2=" ">
    <subfield code="a">Funciones matem&#xE1;ticas</subfield>
    <subfield code="9">113732</subfield>
  </datafield>
  <datafield tag="700" ind1="1" ind2="0">
    <subfield code="a">Mercado Cruz, Norman C&#xE9;sar</subfield>
    <subfield code="4">aut</subfield>
    <subfield code="e">aut</subfield>
    <subfield code="9">639181</subfield>
  </datafield>
  <datafield tag="942" ind1=" " ind2=" ">
    <subfield code="c">BOOK</subfield>
  </datafield>
  <datafield tag="999" ind1=" " ind2=" ">
    <subfield code="c">774546</subfield>
    <subfield code="d">774546</subfield>
  </datafield>
  <datafield tag="952" ind1=" " ind2=" ">
    <subfield code="0">0</subfield>
    <subfield code="1">0</subfield>
    <subfield code="2">ddc</subfield>
    <subfield code="4">0</subfield>
    <subfield code="7">0</subfield>
    <subfield code="8">GEN</subfield>
    <subfield code="a">BC</subfield>
    <subfield code="b">BC</subfield>
    <subfield code="d">2018-02-28</subfield>
    <subfield code="e">Material adquirido por donaci&#xF3;n</subfield>
    <subfield code="g">25000.00</subfield>
    <subfield code="i">C1278604</subfield>
    <subfield code="l">6</subfield>
    <subfield code="m">2</subfield>
    <subfield code="o">515.33 P944</subfield>
    <subfield code="p">1042556</subfield>
    <subfield code="r">2025-11-30 09:35:29</subfield>
    <subfield code="s">2025-05-21</subfield>
    <subfield code="t">1</subfield>
    <subfield code="w">2023-05-04</subfield>
    <subfield code="y">BOOK</subfield>
  </datafield>
</record>
